[Event "Mexican op 70th"]
[Site "Mexico City"]
[Date "2025.04.16"]
[Round "4"]
[White "Miranda Mesa, Elier"]
[Black "Benitez Lozano, Javier"]
[Result "0-1"]
[WhiteElo "2516"]
[BlackElo "2245"]
[PlyCount "124"]
[EventDate "2025.04.14"]
[EventType "swiss"]
[EventRounds "9"]
[EventCountry "MEX"]
[SourceTitle "CB17_2025"]
[SourceDate "2025.04.23"]
[SourceVersion "1"]
[SourceVersionDate "2025.04.23"]
[SourceQuality "1"]

1. e4 e5 2. Nf3 Nc6 3. Bb5 a6 4. Ba4 Nf6 5. Nc3 b5 6. Bb3 Bc5 7. Nd5 Bb7 8. 0-0 0-0 9. c3 Nxe4 10. d4 exd4 11. cxd4 Bd6 12. Re1 Re8 13. Rxe4 Rxe4 14. Ng5 Re6 15. Be3 h6 16. Nxe6 dxe6 17. Nc3 Qh4 18. h3 Rd8 19. Qg4 Qxg4 20. hxg4 Na5 21. Bc2 Nc4 22. Bc1 Be7 23. Ne2 e5 24. b3 Na3 25. Bxa3 Bxa3 26. Rd1 exd4 27. Rxd4 Rxd4 28. Nxd4 g6 29. Kf1 Kf8 30. Bd3 c5 31. Nc2 Bb2 32. Ne3 Ke7 33. f3 Kd6 34. Ke2 Bc1 35. Nc2 Bd5 36. Ne1 c4 37. bxc4 bxc4 38. Bc2 Kc5 39. Ba4 Kb4 40. Be8 Kc3 41. Kd1 Be3 42. Nc2 Bc5 43. Kc1 a5 44. Bb5 Be6 45. Be8 Bd6 46. Bc6 f5 47. gxf5 Bxf5 48. Ba4 h5 49. Kd1 Bc5 50. Kc1 g5 51. Ne1 Bf2 52. Nc2 g4 53. fxg4 hxg4 54. Na3 g3 55. Nb1+ Kb4 56. Bc2 Bd7 57. Be4 c3 58. Bd3 Bc6 59. Bf1 Be3+ 60. Kc2 Ba4+ 61. Kd3 c2 62. a3+ Kb3 0-1

[Event "San Jose Metropolitano op-A 45th"]
[Site "San Jose"]
[Date "2024.12.28"]
[Round "6"]
[White "Ibarra, Carlos Roberto"]
[Black "Miranda Mesa, Elier"]
[Result "0-1"]
[WhiteElo "2079"]
[BlackElo "2520"]
[PlyCount "138"]
[EventDate "2024.12.26"]
[EventType "swiss"]
[EventRounds "9"]
[EventCountry "CRI"]
[SourceTitle "CB02_2025"]
[SourceDate "2025.01.08"]
[SourceVersion "1"]
[SourceVersionDate "2025.01.08"]
[SourceQuality "1"]

1. e4 c5 2. Nc3 a6 3. a4 Nc6 4. g3 g6 5. Bg2 Bg7 6. d3 e6 7. Nge2 Nge7 8. Bg5 Nd4 9. Qd2 d6 10. h4 h6 11. Be3 Nec6 12. h5 g5 13. f4 gxf4 14. Nxf4 Ne5 15. Rf1 Bd7 16. Nfe2 Qb6 17. Nd1 a5 18. Ra3 Rc8 19. c3 Nxe2 20. Kxe2 Qa6 21. c4 Qb6 22. Nc3 Ng4 23. Bg1 Qb4 24. Qc2 Qb6 25. Rb3 Qc7 26. Nb5 Bxb5 27. Rxb5 b6 28. Qd2 Ne5 29. Qf4 Rb8 30. Kd2 Nc6 31. Rb3 Be5 32. Qg4 Qe7 33. Be3 Kd7 34. Qf3 Rh7 35. g4 Kc7 36. Qe2 Rg8 37. Bf3 Qf6 38. Bg2 Qg7 39. Bh3 Bd4 40. Kc1 Bxe3+ 41. Qxe3 Qg5 42. Qxg5 Rxg5 43. Kd2 Ne5 44. Rf4 Rhg7 45. Rf6 Nxg4 46. Bxg4 Rxg4 47. Rxh6 Rg2+ 48. Kc3 Rh2 49. Rb5 Rgg2 50. Rf6 Rc2+ 51. Kb3 Rxb2+ 52. Ka3 Ra2+ 53. Kb3 Raf2 54. Rxf2 Rxf2 55. Kc3 Rh2 56. Rb1 Rxh5 57. Rf1 f5 58. exf5 Rxf5 59. Re1 Kd7 60. Rb1 Kc6 61. Re1 Rf6 62. Re2 d5 63. Re1 Rh6 64. cxd5+ exd5 65. Re8 Rh4 66. Kb3 Rd4 67. Re6+ Kc7 68. Re3 Kd6 69. Rh3 Rxd3+ 0-1

[Event "Olympiad-45"]
[Site "Budapest"]
[Date "2024.09.19"]
[Round "8.3"]
[White "Miranda Mesa, Elier"]
[Black "Nabaty, Tamir"]
[Result "1-0"]
[WhiteElo "2512"]
[BlackElo "2630"]
[PlyCount "129"]
[EventDate "2024.09.11"]
[EventType "team-swiss"]
[EventRounds "11"]
[EventCountry "HUN"]
[SourceTitle "EXT 2025"]
[Source "ChessBase"]
[SourceDate "2024.10.14"]
[SourceVersion "1"]
[SourceVersionDate "2024.10.14"]
[SourceQuality "1"]
[WhiteTeam "Cuba"]
[BlackTeam "Israel"]
[WhiteTeamCountry "CUB"]
[BlackTeamCountry "ISR"]

1. e4 e5 2. Nf3 Nc6 3. Bb5 Nf6 4. 0-0 Nxe4 5. Re1 Nd6 6. Nxe5 Be7 7. Bf1 Nxe5 8. Rxe5 0-0 9. d4 Ne8 10. Re1 d5 11. c3 g6 12. Nd2 Ng7 13. Nf3 c6 14. Ne5 Bd6 15. h3 f6 16. Nd3 Qc7 17. Bh6 Bf5 18. Qd2 Rae8 19. Bf4 g5 20. Bxd6 Qxd6 21. Rxe8 Rxe8 22. Re1 Kf7 23. Rxe8 Kxe8 24. Qe3+ Kf7 25. Be2 Bg6 26. Qd2 Qe7 27. Ne1 Nf5 28. Bd3 Nd6 29. Kf1 b6 30. Bxg6+ hxg6 31. Nd3 a5 32. Qe2 Ne4 33. Qg4 c5 34. Kg1 c4 35. Nc1 b5 36. Qe2 b4 37. f3 Nd6 38. Qxe7+ Kxe7 39. Kf2 Nb5 40. cxb4 axb4 41. Ke3 Kd6 42. Ne2 Kc6 43. g4 Nc7 44. f4 Ne6 45. fxg5 fxg5 46. Ng1 Nf4 47. h4 Ng2+ 48. Kf2 Nf4 49. Ke3 Kb5 50. b3 Ne6 51. h5 gxh5 52. gxh5 Ng7 53. Nh3 g4 54. Nf4 c3 55. Kd3 g3 56. h6 Ne6 57. Ng2 Ng5 58. Nf4 Kc6 59. Ng2 Nh7 60. Ne3 Ng5 61. Ke2 Kd7 62. Kf1 Ke6 63. Kg2 Kf7 64. Kxg3 Ne6 65. Nc2 1-0

[Event "Olympiad-45"]
[Site "Budapest"]
[Date "2024.09.18"]
[Round "7.3"]
[White "Cubas, Jose Fernando"]
[Black "Miranda Mesa, Elier"]
[Result "0-1"]
[WhiteElo "2417"]
[BlackElo "2512"]
[PlyCount "84"]
[EventDate "2024.09.11"]
[EventType "team-swiss"]
[EventRounds "11"]
[EventCountry "HUN"]
[SourceTitle "EXT 2025"]
[Source "ChessBase"]
[SourceDate "2024.10.14"]
[SourceVersion "1"]
[SourceVersionDate "2024.10.14"]
[SourceQuality "1"]
[WhiteTeam "Paraguay"]
[BlackTeam "Cuba"]
[WhiteTeamCountry "PAR"]
[BlackTeamCountry "CUB"]

1. e4 c6 2. d4 d5 3. e5 Bf5 4. h4 h5 5. c4 e6 6. Nc3 Ne7 7. Nge2 Nd7 8. Ng3 Bg6 9. Bg5 Qb6 10. Rc1 dxc4 11. Bxc4 0-0-0 12. Na4 Qc7 13. Qb3 Nb6 14. Nc5 Rxd4 15. Bxe6+ fxe6 16. Qxe6+ Kb8 17. 0-0 Bh7 18. Qf7 Ned5 19. Qe8+ Qc8 20. Bd8 Bg6 21. Qxg6 Bxc5 22. Bg5 Be7 23. Nf5 Bxg5 24. Nxd4 Bxc1 25. Rxc1 Qd7 26. e6 Nf4 27. exd7 Nxg6 28. Rd1 Rd8 29. Ne6 Rxd7 30. Rxd7 Nxd7 31. Nxg7 Nf6 32. g3 Kc7 33. f3 Kd6 34. Kf2 Ke5 35. Ke3 Ne7 36. f4+ Kd5 37. Kf3 c5 38. g4 hxg4+ 39. Kg3 Ke4 40. h5 Nf5+ 41. Nxf5 Kxf5 42. h6 Kg6 0-1

[Event "Aguascalientes 2nd"]
[Site "Aguascalientes"]
[Date "2024.08.11"]
[Round "9"]
[White "Almeida Quintana, Omar"]
[Black "Miranda Mesa, Elier"]
[Result "1/2-1/2"]
[WhiteElo "2481"]
[BlackElo "2511"]
[PlyCount "54"]
[EventDate "2024.08.06"]
[EventType "swiss"]
[EventRounds "9"]
[EventCountry "MEX"]
[SourceTitle "CBM 221 Extra"]
[Source "ChessBase"]
[SourceDate "2024.09.30"]
[SourceVersion "1"]
[SourceVersionDate "2024.09.30"]
[SourceQuality "1"]

1. d4 d5 2. Nf3 Nf6 3. c4 c6 4. Nc3 a6 5. Ne5 dxc4 6. Nxc4 b5 7. Ne5 e6 8. g3 Bb7 9. Bg2 Be7 10. 0-0 0-0 11. Bg5 Qb6 12. e3 h6 13. Bxf6 Bxf6 14. Nd3 Nd7 15. Ne4 Be7 16. Rc1 Rac8 17. b4 a5 18. a3 axb4 19. axb4 Rfd8 20. Qb3 Ra8 21. Ra1 Rxa1 22. Rxa1 Ra8 23. Rxa8+ Bxa8 24. Qa3 Bb7 25. Nec5 Nxc5 26. Nxc5 Bxc5 27. dxc5 Qc7 1/2-1/2

[Event "Capablanca Memorial op 57th"]
[Site "Havana"]
[Date "2024.05.06"]
[Round "4"]
[White "Otero Marino, Alain"]
[Black "Miranda Mesa, Elier"]
[Result "0-1"]
[WhiteElo "2250"]
[BlackElo "2472"]
[PlyCount "59"]
[EventDate "2024.05.03"]
[EventType "swiss"]
[EventRounds "10"]
[EventCountry "CUB"]
[SourceTitle "EXT 2025"]
[Source "ChessBase"]
[SourceDate "2024.10.14"]
[SourceVersion "1"]
[SourceVersionDate "2024.10.14"]
[SourceQuality "1"]

1. d4 d5 2. c4 c6 3. Nc3 Nf6 4. Nf3 dxc4 5. a4 e6 6. e4 Bb4 7. Qc2 b5 8. Be2 Bb7 9. 0-0 a6 10. b3 cxb3 11. Qxb3 Be7 12. Rd1 0-0 13. e5 Nd5 14. Nxd5 exd5 15. Qc2 Nd7 16. Bd3 h6 17. Be3 Rc8 18. Qd2 c5 19. axb5 axb5 20. Bxb5 c4 21. Ba4 Re8 22. Bxh6 gxh6 23. Qxh6 Nf8 24. Rdb1 Rc7 25. Bxe8 Qxe8 26. Qb6 Qc8 27. Qb2 Bc6 28. Qc1 Bd7 29. Ra5 Bc6 30. Rba1 0-1